Engineering Fluid Mechanics / (Record no. 36646)

MARC details
000 -LEADER
fixed length control field 00582nam a22001817a 4500
005 - DATE AND TIME OF LATEST TRANSACTION
control field 20241007131236.0
008 - FIXED-LENGTH DATA ELEMENTS--GENERAL INFORMATION
fixed length control field 241007b |||||||| |||| 00| 0 eng d
020 ## - INTERNATIONAL STANDARD BOOK NUMBER
ISBN 978-81-7319-447-4
082 ## - DEWEY DECIMAL CLASSIFICATION NUMBER
Classification number 620.106
Item number NAR-E
100 ## - MAIN ENTRY--AUTHOR
Author Name Narayana,P. A.Aswatha
245 ## - TITLE STATEMENT
Title Engineering Fluid Mechanics /
Statement of responsibility, etc. P. A.Aswatha Narayana and K. N. Seetharamu
260 ## - PUBLICATION, DISTRIBUTION, ETC.
Place of Publication India :
Name of publisher, distributor, etc. Narosa ;
Date of publication, distribution, etc. 2015.
300 ## - PHYSICAL DESCRIPTION
Pages xx, 581 p.:
500 ## - GENERAL NOTE
General note Includes bibliographical references and index .
650 ## - SUBJECT ADDED ENTRY--TOPICAL TERM
Subject / Department Fluid Mechanics/ Engineering
700 ## - ADDED ENTRY--PERSONAL NAME
Personal name Seetharamu, K. N
300 ## - PHYSICAL DESCRIPTION
-- ill.;
-- 25 cm..
952 ## - LOCATION AND ITEM INFORMATION (KOHA)
-- 0
-- 0
952 ## - LOCATION AND ITEM INFORMATION (KOHA)
-- 0
-- 0
Holdings
Lost status Damaged status Collection code Permanent Location Current Location Shelving Location Date acquired Full Call Number Accession No./Barcode Date last seen Copy number item type Koha item type
    Engineering Superior Information Resource Center (SIRC) Superior University- Main Campus Superior Information Resource Center (SIRC) Superior University- Main Campus Engineering 10/07/2024 620.106 NAR-E 2015 29468 10/07/2024 1 BOOK BOOK
    Engineering Superior Information Resource Center (SIRC) Superior University- Main Campus Superior Information Resource Center (SIRC) Superior University- Main Campus Engineering 10/07/2024 620.106 NAR-E 2015 29469 10/07/2024 2 BOOK BOOK

Powered by Koha